[Event "VIE-ch (Women)"]
[Site "Hanoi"]
[Date "2024.03.13"]
[Round "4"]
[White "Bui, Thi Diep Anh"]
[Black "Tong, Thai Ky An"]
[Result "1/2-1/2"]
[WhiteElo "1831"]
[BlackElo "1686"]
[PlyCount "112"]
[EventDate "2024.03.11"]
[EventType "swiss"]
[EventRounds "9"]
[EventCountry "VIE"]
[SourceTitle "CB13_2024"]
[SourceDate "2024.03.27"]
[SourceVersion "1"]
[SourceVersionDate "2024.03.27"]
[SourceQuality "1"]

1. e4 c6 2. d4 d5 3. exd5 cxd5 4. c4 Nc6 5. Nf3 Bg4 6. cxd5 Qxd5 7. Nc3 Qd6 8. d5 Ne5 9. Bb5+ Bd7 10. Bxd7+ Nxd7 11. 0-0 Ngf6 12. Nb5 Qb6 13. a4 a6 14. Be3 Qd8 15. Nc3 g6 16. Qb3 Qb8 17. Rfe1 Bg7 18. Bd4 b6 19. Ne5 Nxe5 20. Bxe5 Qd8 21. d6 0-0 22. Bxf6 exf6 23. Rad1 Ra7 24. Nd5 Qxd6 25. Qxb6 Qxb6 26. Nxb6 f5 27. Re2 Rb8 28. a5 Rc7 29. h3 h6 30. g3 Kh7 31. Kg2 Rg8 32. Rd6 Rb8 33. b4 Rcb7 34. Rc2 Bf8 35. Rd4 Bg7 36. Rd5 Re8 37. Rc4 Re2 38. Rd7 Rxd7 39. Nxd7 Rd2 40. Nc5 Rd6 41. Rc2 Bd4 42. Nb3 Be5 43. Rd2 Rxd2 44. Nxd2 Bc3 45. b5 axb5 46. Nb3 Be5 47. a6 Bb8 48. Nd4 b4 49. Nc6 b3 50. Nxb8 b2 51. a7 b1Q 52. a8Q Qb5 53. Na6 Qc4 54. Qb7 h5 55. Nb8 Qe4+ 56. Qxe4 fxe4 1/2-1/2

[Event "VIE-ch (Women)"]
[Site "Hanoi"]
[Date "2024.03.11"]
[Round "2"]
[White "Tong, Thai Ky An"]
[Black "Nguyen, Binh Vy"]
[Result "1-0"]
[WhiteElo "1686"]
[BlackElo "1849"]
[PlyCount "93"]
[EventDate "2024.03.11"]
[EventType "swiss"]
[EventRounds "9"]
[EventCountry "VIE"]
[SourceTitle "CB13_2024"]
[SourceDate "2024.03.27"]
[SourceVersion "1"]
[SourceVersionDate "2024.03.27"]
[SourceQuality "1"]

1. e4 c5 2. Nf3 e6 3. d4 cxd4 4. Nxd4 Nc6 5. Nb5 d6 6. c4 a6 7. Nd4 Qc7 8. Nc3 Nf6 9. Be3 Be7 10. Be2 0-0 11. 0-0 Ne5 12. Rc1 b6 13. f3 Bb7 14. Qd2 Rac8 15. Rfd1 h6 16. Bf1 Qb8 17. Na4 Nfd7 18. b4 Rfe8 19. Nb2 Nc6 20. a3 Nxd4 21. Bxd4 Ba8 22. Qf2 Bg5 23. Be3 Bxe3 24. Qxe3 Red8 25. Qd4 Nf6 26. Na4 b5 27. Nb6 Rc6 28. Nxa8 Qxa8 29. cxb5 axb5 30. Bxb5 Rxc1 31. Rxc1 Qxa3 32. Ra1 e5 33. Rxa3 exd4 34. Bc6 Nd7 35. Bxd7 Rxd7 36. Rd3 Kf8 37. Rxd4 Rb7 38. Kf2 Ke7 39. Ke3 Kd7 40. Rc4 Ra7 41. Rc2 Ra1 42. Rb2 Kc6 43. b5+ Kb6 44. Rd2 Kxb5 45. Rxd6 Ra2 46. Rd2 Rxd2 47. Kxd2 1-0

[Event "VIE-ch U15 Girls"]
[Site "Ho Chi Minh City"]
[Date "2022.07.13"]
[Round "4"]
[White "Thai, Ngoc Tuong Minh"]
[Black "Tong, Thai Ky An"]
[Result "1-0"]
[WhiteElo "2094"]
[BlackElo "2111"]
[PlyCount "87"]
[EventDate "2022.07.11"]
[EventType "swiss"]
[EventRounds "9"]
[EventCountry "VIE"]
[SourceTitle "EXT 2023"]
[Source "ChessBase"]
[SourceDate "2022.10.05"]
[SourceVersion "1"]
[SourceVersionDate "2022.10.05"]
[SourceQuality "1"]

1. Nf3 d5 2. d4 c6 3. g3 Nf6 4. Bg2 g6 5. 0-0 Bg7 6. b3 0-0 7. c4 Bf5 8. Nc3 Ne4 9. Bb2 dxc4 10. Nxe4 Bxe4 11. bxc4 Qb6 12. Qb3 Rd8 13. e3 Na6 14. Nd2 Bxg2 15. Kxg2 c5 16. Nf3 Rac8 17. Rfd1 Qc7 18. d5 Bxb2 19. Qxb2 Rd6 20. Ne5 Qb6 21. Qe2 Qc7 22. e4 f6 23. Nd3 Rb6 24. Qg4 Rb8 25. h4 Qc8 26. Qe2 Nb4 27. Nf4 Na6 28. Ne6 Qe8 29. Rd3 Rc8 30. g4 Nb8 31. e5 Nd7 32. exf6 exf6 33. Re3 Qf7 34. g5 Re8 35. Re1 Ra6 36. a3 b6 37. gxf6 Nxf6 38. Rf3 Ra4 39. Qe5 Ng4 40. Rxf7 Nxe5 41. Rg7+ Kh8 42. Rxe5 Rxc4 43. Rxa7 Rc1 44. d6 1-0

[Event "VIE-ch U13 Girls"]
[Site "Hanoi"]
[Date "2020.??.??"]
[Round "7"]
[White "Le, Minh Thu"]
[Black "Tong, Thai Ky An"]
[Result "0-1"]
[WhiteElo "1313"]
[BlackElo "1218"]
[PlyCount "152"]
[EventDate "2020.10.22"]
[EventType "tourn"]
[EventRounds "7"]
[EventCountry "VIE"]
[SourceTitle "EXT 2022"]
[Source "ChessBase"]
[SourceDate "2021.10.06"]
[SourceVersion "1"]
[SourceVersionDate "2021.10.06"]
[SourceQuality "1"]

1. c4 Nf6 2. g3 e5 3. Bg2 d5 4. cxd5 Nxd5 5. Nf3 Nc6 6. d3 Be6 7. 0-0 Be7 8. Nc3 Nb6 9. Be3 g5 10. d4 exd4 11. Nxd4 Bd7 12. Nxc6 bxc6 13. Qd3 h5 14. Ne4 h4 15. Nc5 hxg3 16. fxg3 Rh6 17. Rac1 Rb8 18. Bd4 Bc8 19. Nb3 Bd7 20. Na5 Nd5 21. Bxd5 cxd5 22. Qf3 Rh7 23. Qxd5 Rb5 24. Rc5 Bxc5 25. Bxc5 Be6 26. Qc6+ Qd7 27. Qa8+ Qc8 28. Qxa7 Qb8 29. Qxb8+ Rxb8 30. Ba3 Bxa2 31. Rf5 Rg7 32. Re5+ Be6 33. b4 Kd7 34. Re3 Rb6 35. Nb3 Bxb3 36. Rxb3 Re6 37. e3 Rg8 38. Bb2 Rb6 39. Bd4 Rb5 40. Bc5 Ra8 41. Rb2 Rbb8 42. Kf2 Ra1 43. Kf3 f5 44. g4 Ke6 45. gxf5+ Kxf5 46. e4+ Ke5 47. Re2 Rf1+ 48. Kg4 Rg8 49. Bf2 Rc1 50. Bg3+ Ke6 51. Rb2 Rc4 52. Kf3 Rb8 53. Rb3 Rb5 54. Re3 Rbxb4 55. h4 gxh4 56. Bxh4 Rb1 57. Bg5 Rf1+ 58. Ke2 Rf7 59. e5 Rf5 60. Bf6 Rc5 61. Ra3 Rh5 62. Ra6+ c6 63. Kd3 Rh3+ 64. Kd4 Rhc3 65. Ra4 Rc1 66. Kd3 R5c3+ 67. Kd2 R1c2+ 68. Kd1 Rh2 69. Ra6 Rg3 70. Bh4 Rxh4 71. Rxc6+ Kxe5 72. Rc5+ Kf4 73. Rc4+ Kg5 74. Rc5+ Kg4 75. Rc4+ Kh3 76. Rc8 Rg2 0-1

[Event "VIE-ch U13 Girls"]
[Site "Hanoi"]
[Date "2020.??.??"]
[Round "5"]
[White "Tong, Thai Ky An"]
[Black "Nguyen, Phuc Yen Nhi"]
[Result "1-0"]
[WhiteElo "1218"]
[BlackElo "1295"]
[PlyCount "83"]
[EventDate "2020.10.22"]
[EventType "tourn"]
[EventRounds "7"]
[EventCountry "VIE"]
[SourceTitle "EXT 2022"]
[Source "ChessBase"]
[SourceDate "2021.10.06"]
[SourceVersion "1"]
[SourceVersionDate "2021.10.06"]
[SourceQuality "1"]

1. e4 c5 2. Nf3 d6 3. d4 cxd4 4. Nxd4 Nf6 5. f3 e5 6. Bb5+ Nbd7 7. Nf5 Qb6 8. Nc3 a6 9. Be3 Qc7 10. Ba4 b5 11. Bb3 Nb6 12. Bxb6 Qxb6 13. Nd5 Nxd5 14. Qxd5 Ra7 15. Ng3 Be6 16. Qd3 Bxb3 17. Qxb3 Be7 18. Nf5 0-0 19. 0-0-0 Rd8 20. h4 Bf8 21. g4 Qc5 22. Kb1 Rc7 23. Rh2 Qc4 24. Qe3 Qc5 25. Qd2 b4 26. h5 Rcd7 27. Ne3 a5 28. Nd5 Be7 29. g5 Re8 30. Rdh1 Bd8 31. g6 h6 32. gxf7+ Rxf7 33. Rg2 Kh7 34. Rhg1 Rg8 35. Rg6 Rxf3 36. Qg2 Bg5 37. Rxg5 hxg5 38. Qxg5 Rf2 39. Ne3 Re2 40. h6 g6 41. Qe7+ Kh8 42. h7 1-0

[Event "VIE-ch U13 Girls"]
[Site "Hanoi"]
[Date "2020.??.??"]
[Round "4"]
[White "Tran, Nguyen My Tien"]
[Black "Tong, Thai Ky An"]
[Result "1-0"]
[WhiteElo "2229"]
[BlackElo "1218"]
[PlyCount "133"]
[EventDate "2020.10.22"]
[EventType "tourn"]
[EventRounds "7"]
[EventCountry "VIE"]
[SourceTitle "EXT 2022"]
[Source "ChessBase"]
[SourceDate "2021.10.06"]
[SourceVersion "1"]
[SourceVersionDate "2021.10.06"]
[SourceQuality "1"]

1. e4 c6 2. d4 d5 3. Nc3 dxe4 4. Nxe4 Bf5 5. Ng3 Bg6 6. h4 h6 7. Nf3 Nd7 8. Bd3 Bxd3 9. Qxd3 e6 10. Bd2 Qc7 11. 0-0-0 0-0-0 12. Kb1 Ngf6 13. Ne4 Nxe4 14. Qxe4 Nf6 15. Qe2 Bd6 16. c4 Qe7 17. Ba5 Bc7 18. Bxc7 Qxc7 19. Ne5 Rhf8 20. Rh3 c5 21. Rg3 g6 22. Rf3 Nh5 23. g4 Ng7 24. d5 exd5 25. cxd5 Rfe8 26. Re3 Re7 27. d6 Rxd6 28. Rxd6 Rxe5 29. Rxe5 Qxd6 30. f4 Ne6 31. f5 Nd4 32. Qe4 Nf3 33. Re8+ Kd7 34. Qa4+ Kc7 35. a3 Qd3+ 36. Ka2 Qd5+ 37. Qb3 Qd7 38. fxg6 fxg6 39. Qe6 Qxe6+ 40. Rxe6 Nxh4 41. Re7+ Kb6 42. Rh7 Nf3 43. Rxh6 Ne5 44. g5 Kc6 45. Rh7 Nf3 46. Rg7 Nh4 47. Rf7 a6 48. Rh7 Nf3 49. Rf7 Nxg5 50. Rf6+ Kb5 51. Rxg6 Ne4 52. b3 Nc3+ 53. Kb2 Nd5 54. a4+ Ka5 55. Rg5 Nb4 56. Rxc5+ Kb6 57. Rh5 Nc6 58. Kc3 a5 59. Kc4 Ka6 60. Rh6 Ka7 61. Kc5 Ne5 62. Kb5 Nc6 63. Rd6 Kb8 64. Kb6 Kc8 65. Rxc6+ bxc6 66. Kxc6 Kb8 67. Kb6 1-0

[Event "VIE-chT (Women)"]
[Site "Ho Chi Minh City"]
[Date "2019.10.01"]
[Round "8.29"]
[White "Nguyen, Thi Ngoc Han"]
[Black "Tong, Thai Ky An"]
[Result "1-0"]
[WhiteElo "1210"]
[BlackElo "1218"]
[PlyCount "61"]
[EventDate "2019.09.26"]
[EventType "swiss"]
[EventRounds "9"]
[EventCountry "VIE"]
[SourceTitle "EXT 2020"]
[Source "ChessBase"]
[SourceDate "2019.10.17"]
[SourceVersion "1"]
[SourceVersionDate "2019.10.17"]
[SourceQuality "1"]

1. e4 c5 2. Nf3 d6 3. d4 cxd4 4. Nxd4 Nf6 5. Nc3 a6 6. Be3 e6 7. Be2 Qc7 8. f4 Be7 9. 0-0 Nbd7 10. Bf3 0-0 11. Qe1 Rb8 12. g4 Nb6 13. Qf2 Nc4 14. Bc1 b5 15. g5 Nd7 16. Nce2 Nc5 17. b3 Nb6 18. Ng3 Bb7 19. Bb2 e5 20. Ndf5 exf4 21. Nh5 Rfd8 22. Bxg7 Bxg5 23. h4 Bxe4 24. Bxe4 Nxe4 25. hxg5 h6 26. Nxh6+ Kh7 27. Qxf4 Qc5+ 28. Kh1 Nxg5 29. Rg1 Qd5+ 30. Rg2 Nh3 31. Nf6# 1-0

[Event "VIE-chT (Women)"]
[Site "Ho Chi Minh City"]
[Date "2019.09.27"]
[Round "3.20"]
[White "Nguyen, Xuan Nhi"]
[Black "Tong, Thai Ky An"]
[Result "1-0"]
[WhiteElo "1857"]
[BlackElo "1218"]
[PlyCount "49"]
[EventDate "2019.09.26"]
[EventType "swiss"]
[EventRounds "9"]
[EventCountry "VIE"]
[SourceTitle "EXT 2020"]
[Source "ChessBase"]
[SourceDate "2019.10.17"]
[SourceVersion "1"]
[SourceVersionDate "2019.10.17"]
[SourceQuality "1"]

1. d4 d5 2. Nf3 c6 3. g3 Nf6 4. Bg2 Bf5 5. 0-0 e6 6. c4 Nbd7 7. b3 Be7 8. Nc3 0-0 9. Bb2 h6 10. Nd2 Bb4 11. a3 Bxc3 12. Bxc3 Re8 13. Qc1 e5 14. dxe5 Nxe5 15. Qb2 Ned7 16. Rfe1 Re6 17. cxd5 cxd5 18. Nf3 Qf8 19. Nd4 Re5 20. f4 Re6 21. Nxf5 Rc8 22. e3 b6 23. Rad1 Rec6 24. Bb4 Nc5 25. Nd4 1-0

[Event "VIE-chT (Women)"]
[Site "Ho Chi Minh City"]
[Date "2019.09.26"]
[Round "1.16"]
[White "Tong, Thai Ky An"]
[Black "Le, Thi Thu Huong"]
[Result "0-1"]
[WhiteElo "1218"]
[BlackElo "2002"]
[PlyCount "92"]
[EventDate "2019.09.26"]
[EventType "swiss"]
[EventRounds "9"]
[EventCountry "VIE"]
[SourceTitle "EXT 2020"]
[Source "ChessBase"]
[SourceDate "2019.10.17"]
[SourceVersion "1"]
[SourceVersionDate "2019.10.17"]
[SourceQuality "1"]

1. e4 e5 2. Nf3 Nc6 3. d4 exd4 4. Bc4 d6 5. Nxd4 Ne5 6. Bb3 Nf6 7. Nc3 c6 8. 0-0 Be7 9. h3 0-0 10. f4 Ng6 11. Nf3 Be6 12. Bxe6 fxe6 13. Nd4 e5 14. Ne6 Qb6+ 15. Kh1 Rfe8 16. f5 Nf8 17. Ng5 Rad8 18. Qe2 d5 19. Rb1 Bb4 20. Bd2 h6 21. Nf3 Bxc3 22. bxc3 Qc7 23. exd5 cxd5 24. Qf2 Ne4 25. Qe1 Nh7 26. Rb3 Nhf6 27. g4 b6 28. Rg1 Qd7 29. Be3 Qa4 30. Qb1 h5 31. g5 Nd7 32. Nd2 Nxd2 33. Bxd2 Qe4+ 34. Kh2 Qxf5 35. Rb4 Nc5 36. Be3 Ne4 37. Rf1 Qe6 38. Qe1 Rf8 39. Rg1 Rf3 40. Qh4 Rxe3 41. Qxh5 Rf8 42. Kg2 Qf5 43. Rbb1 Nf2 44. Rh1 Rxh3 45. Qxh3 Nxh3 46. Kh2 Qf4+ 0-1

[Event "VIE Cup (Women)"]
[Site "Bac Giang"]
[Date "2018.06.03"]
[Round "7"]
[White "Tong, Thai Ky An"]
[Black "Nguyen, Phuong Ly"]
[Result "1-0"]
[WhiteElo "1232"]
[BlackElo "1765"]
[PlyCount "39"]
[EventDate "2018.05.30"]
[EventType "swiss"]
[EventRounds "9"]
[EventCountry "VIE"]
[SourceTitle "CBM 184 Extra"]
[Source "ChessBase"]
[SourceDate "2018.06.28"]
[SourceVersion "1"]
[SourceVersionDate "2018.06.28"]
[SourceQuality "1"]

1. d4 d5 2. Bf4 Bf5 3. c4 e6 4. Nc3 Nc6 5. a3 Rc8 6. e3 dxc4 7. Bxc4 Bd6 8. Bg3 Nf6 9. Nf3 h6 10. Be2 0-0 11. 0-0 Re8 12. Nh4 Ne4 13. Nxf5 Nxg3 14. Nxg3 Bxg3 15. hxg3 Qf6 16. Bf3 Rcd8 17. Bxc6 bxc6 18. Qf3 Qxf3 19. gxf3 e5 20. dxe5 1-0

[Event "VIE Cup (Women)"]
[Site "Bac Giang"]
[Date "2018.05.31"]
[Round "2"]
[White "Phan, Quynh Mai"]
[Black "Tong, Thai Ky An"]
[Result "1-0"]
[WhiteElo "1753"]
[BlackElo "1232"]
[PlyCount "93"]
[EventDate "2018.05.30"]
[EventType "swiss"]
[EventRounds "9"]
[EventCountry "VIE"]
[SourceTitle "CBM 184 Extra"]
[Source "ChessBase"]
[SourceDate "2018.06.28"]
[SourceVersion "1"]
[SourceVersionDate "2018.06.28"]
[SourceQuality "1"]

1. d4 d5 2. Nf3 Nf6 3. Bf4 Bf5 4. e3 e6 5. Be2 h6 6. a3 Be7 7. c4 c6 8. Nc3 0-0 9. 0-0 Nbd7 10. c5 Nh5 11. Bg3 Nxg3 12. hxg3 b6 13. b4 a5 14. Bd3 Bg4 15. Qc2 Bxf3 16. gxf3 Qc7 17. Ne2 axb4 18. axb4 b5 19. Ra2 Qb7 20. Rfa1 Nf6 21. Nc3 Rfb8 22. Kg2 Ne8 23. e4 Nc7 24. e5 Na6 25. Qb2 Nc7 26. Bb1 Rxa2 27. Rxa2 Ra8 28. Qc2 g6 29. f4 Rxa2 30. Qxa2 Qa6 31. Qb2 Kg7 32. g4 Qc8 33. Qc2 Na6 34. Na2 Nb8 35. Qd3 Qd7 36. Nc1 Bd8 37. Qf3 Qe7 38. Na2 Qd7 39. Qa3 Qb7 40. f5 Qa6 41. Qd3 Qc8 42. fxg6 Qc7 43. gxf7 Qxf7 44. Qh7+ Kf8 45. Qxh6+ Ke7 46. Bg6 Qf8 47. Qh7+ 1-0

[Event "VIE-chT (Women)"]
[Site "Ho Chi Minh City"]
[Date "2017.07.29"]
[Round "9.37"]
[White "Nguyen, Ngoc Phuong Nghi"]
[Black "Tong, Thai Ky An"]
[Result "1-0"]
[WhiteElo "1913"]
[BlackElo "1486"]
[PlyCount "63"]
[EventDate "2017.07.24"]
[EventType "team-swiss"]
[EventRounds "9"]
[EventCountry "VIE"]
[SourceTitle "EXT 2019"]
[Source "ChessBase"]
[SourceDate "2018.10.10"]
[SourceVersion "1"]
[SourceVersionDate "2018.10.10"]
[SourceQuality "1"]

1. d4 d5 2. c4 e5 3. e3 exd4 4. exd4 Nf6 5. Nf3 Be7 6. Be2 0-0 7. 0-0 Nc6 8. b3 Bg4 9. Nc3 dxc4 10. bxc4 Rb8 11. d5 Na5 12. Ne5 Bxe2 13. Qxe2 Bd6 14. Nf3 Re8 15. Qd3 b6 16. Rd1 Nb7 17. Bg5 Nc5 18. Qc2 h6 19. Bxf6 Qxf6 20. Re1 Nb7 21. Ne4 Qd8 22. Nxd6 Qxd6 23. Qa4 Rxe1+ 24. Rxe1 Na5 25. h3 c6 26. Nd4 cxd5 27. Nf5 Qd8 28. Ne7+ Kh8 29. cxd5 Rb7 30. Ng6+ Kh7 31. Re8 Qd7 32. Nf8+ 1-0

[Event "VIE-chT (Women)"]
[Site "Ho Chi Minh City"]
[Date "2017.07.24"]
[Round "2.32"]
[White "Bui, Kha Nhi"]
[Black "Tong, Thai Ky An"]
[Result "0-1"]
[WhiteElo "1910"]
[BlackElo "1486"]
[PlyCount "52"]
[EventDate "2017.07.24"]
[EventType "team-swiss"]
[EventRounds "9"]
[EventCountry "VIE"]
[SourceTitle "EXT 2019"]
[Source "ChessBase"]
[SourceDate "2018.10.10"]
[SourceVersion "1"]
[SourceVersionDate "2018.10.10"]
[SourceQuality "1"]

1. e4 e5 2. Nf3 Nc6 3. Bb5 f5 4. d3 fxe4 5. dxe4 Nf6 6. Nc3 Bb4 7. Bd2 d6 8. Bd3 h6 9. h3 Be6 10. 0-0 0-0 11. Re1 Qd7 12. Kh2 Bc5 13. Qe2 Bf7 14. Qf1 Nh7 15. Bb5 a6 16. Bxc6 Qxc6 17. Nh4 Qd7 18. Nf5 Be6 19. Ne3 Qf7 20. f3 Rad8 21. Ng4 c6 22. Bxh6 Bxg4 23. Bxg7 Qxg7 24. hxg4 Qh6+ 25. Kg3 Qf4+ 26. Kh4 Rf6 0-1

[Event "VIE-ch (Women)"]
[Site "Bac Giang"]
[Date "2016.06.27"]
[Round "8"]
[White "Tong, Thai Ky An"]
[Black "Than, Thi Ngoc Tuyet"]
[Result "0-1"]
[WhiteElo "1856"]
[BlackElo "1859"]
[PlyCount "96"]
[EventDate "2016.06.22"]
[EventType "swiss"]
[EventRounds "9"]
[EventCountry "VIE"]
[SourceTitle "EXT 2017"]
[Source "ChessBase"]
[SourceDate "2016.10.25"]
[SourceVersion "1"]
[SourceVersionDate "2016.10.25"]
[SourceQuality "1"]

1. e4 e6 2. d4 d5 3. Nd2 Nc6 4. Ngf3 Nf6 5. exd5 exd5 6. Be2 Be7 7. 0-0 0-0 8. Nb3 h6 9. c3 Re8 10. Bd3 Bg4 11. h3 Bh5 12. Bc2 Ne4 13. Qd3 Nf6 14. Re1 Bd6 15. Be3 Bxf3 16. gxf3 Qd7 17. Kg2 Ne7 18. Nc5 Qc8 19. Rh1 b6 20. Nb3 Ng6 21. h4 Nh5 22. Kf1 Bf4 23. Ke1 Bxe3 24. fxe3 Nhf4 25. Qd2 h5 26. Kf2 Ne6 27. Rag1 Nef8 28. Nc1 Qd8 29. Nd3 Re6 30. Nf4 Nxf4 31. exf4 Qe7 32. Re1 Rxe1 33. Qxe1 Qf6 34. f5 Nd7 35. Qg1 c5 36. dxc5 bxc5 37. Qg5 Rb8 38. Qxf6 Nxf6 39. b3 c4 40. Rb1 cxb3 41. Rxb3 Rc8 42. Bd3 Rc7 43. Ke3 Kf8 44. Kf4 Ke7 45. Ke5 Nd7+ 46. Kxd5 Nc5 47. Rb4 Nxd3 48. Re4+ Kf6 0-1

[Event "VIE-ch (Women)"]
[Site "Bac Giang"]
[Date "2016.06.26"]
[Round "6"]
[White "Tong, Thai Ky An"]
[Black "Pham, Thi Thuy Hoa"]
[Result "0-1"]
[WhiteElo "1856"]
[BlackElo "1670"]
[PlyCount "56"]
[EventDate "2016.06.22"]
[EventType "swiss"]
[EventRounds "9"]
[EventCountry "VIE"]
[SourceTitle "EXT 2017"]
[Source "ChessBase"]
[SourceDate "2016.10.25"]
[SourceVersion "1"]
[SourceVersionDate "2016.10.25"]
[SourceQuality "1"]

1. e4 g6 2. d4 d6 3. Nc3 Bg7 4. Nf3 Nf6 5. Bc4 0-0 6. h3 Nbd7 7. 0-0 b6 8. Bf4 e6 9. Qd2 Bb7 10. Rfe1 a6 11. a4 Re8 12. Rad1 Qc8 13. b3 Rd8 14. d5 e5 15. Bh2 a5 16. Bb5 Nc5 17. Bc4 Qd7 18. Bb5 Qe7 19. Bc4 Rac8 20. Nb5 Ncxe4 21. Qe2 Rf8 22. Nd2 Nc5 23. Nf3 Bh6 24. Kh1 Nce4 25. Kg1 c6 26. dxc6 Bxc6 27. Qf1 Bxb5 28. Bxb5 Rxc2 0-1

[Event "VIE-ch (Women)"]
[Site "Bac Giang"]
[Date "2016.06.24"]
[Round "5"]
[White "Luong, Hoang Tu Linh"]
[Black "Tong, Thai Ky An"]
[Result "1-0"]
[WhiteElo "1861"]
[BlackElo "1856"]
[PlyCount "103"]
[EventDate "2016.06.22"]
[EventType "swiss"]
[EventRounds "9"]
[EventCountry "VIE"]
[SourceTitle "EXT 2017"]
[Source "ChessBase"]
[SourceDate "2016.10.25"]
[SourceVersion "1"]
[SourceVersionDate "2016.10.25"]
[SourceQuality "1"]

1. e4 e5 2. Nf3 Nc6 3. Bc4 Bc5 4. c3 Nf6 5. d4 exd4 6. cxd4 Bb4+ 7. Bd2 Bxd2+ 8. Nbxd2 d5 9. exd5 Nxd5 10. Qb3 Na5 11. Qa4+ Nc6 12. Qb3 Na5 13. Qa4+ Nc6 14. Ne5 0-0 15. Nxc6 bxc6 16. 0-0 Bb7 17. Nf3 Nb6 18. Qc2 Nxc4 19. Qxc4 Qd5 20. Rac1 Qxc4 21. Rxc4 Ba6 22. Rxc6 Bxf1 23. Kxf1 Rfc8 24. Ne5 f6 25. Nc4 Rd8 26. Rxc7 Rxd4 27. b3 Rdd8 28. Ne3 Rdc8 29. Rb7 Rc1+ 30. Ke2 Ra1 31. a4 Rc1 32. Nd5 Kf8 33. Nc7 Rc8 34. Ne6+ Kg8 35. Rxg7+ Kh8 36. Rxa7 Re8 37. Ra6 Rb1 38. Rb6 Rg1 39. Kf3 Re1 40. Nc5 Rc1 41. b4 Rb1 42. a5 Rc8 43. a6 Ra1 44. Rb7 Ra8 45. b5 Ra3+ 46. Kf4 Ra2 47. Nd7 Rxf2+ 48. Kg3 Rf1 49. a7 Rg8+ 50. Kh3 Rf5 51. g3 Rh5+ 52. Kg2 1-0